ბათუმის შოთა რუსთაველის სახელმწიფო უნივერსიტეტის ბიბლიოთეკა

რჩეული მოთხრობები (ბიბ.ჩანაწერი № 48637)

000 -LEADER
fixed length control field 00669nam a2200205Ia 4500
001 - CONTROL NUMBER
control field 15537
003 - CONTROL NUMBER IDENTIFIER
control field GE_BSU
008 - FIXED-LENGTH DATA ELEMENTS--GENERAL INFORMATION
fixed length control field 181216s||||||||xx |||||||||||||| ||und||
040 ## - CATALOGING SOURCE
Transcribing agency GE_BSU
080 ## - UNIVERSAL DECIMAL CLASSIFICATION NUMBER
Universal Decimal Classification number 821.161.1-32
100 ## - MAIN ENTRY--PERSONAL NAME
Personal name ბილ-ბელოცერკოვსკი, ვ.
245 ## - TITLE STATEMENT
Title რჩეული მოთხრობები
245 ## - TITLE STATEMENT
Statement of responsibility, etc. თარგმანი ერასტი ტოროტაძისა
260 ## - PUBLICATION, DISTRIBUTION, ETC.
Place of publication, distribution, etc. თბილისი
260 ## - PUBLICATION, DISTRIBUTION, ETC.
Name of publisher, distributor, etc. საბჭ. საქართველო
260 ## - PUBLICATION, DISTRIBUTION, ETC.
Date of publication, distribution, etc. 1958
300 ## - PHYSICAL DESCRIPTION
Extent 232 გვ.21 სმ.
653 ## - INDEX TERM--UNCONTROLLED
Uncontrolled term რჩეული მოთხრობები
942 ## - ADDED ENTRY ELEMENTS (KOHA)
Koha item type წიგნი
ეგზემპლარები
Withdrawn status Lost status Damaged status Not for loan Date acquired Barcode Date last seen Price effective from Koha item type
        2018-12-17 21141 2018-12-17 2018-12-17 წიგნი